01524nab a2200421 i 450000100060000000300080000600500170001400600190003100700150005000800410006502200140010603500210012004000310014105000210017208000080019308200140020124501750021526400470039030000250043731000150046233600310047733700330050833800430054136200500058450000230063450400290065759001640068665000110085065000250086165000170088665000210090365500320092470000250095677300230098179700190100485600620102399900170108549377FlNmELB20241216232026.0m o d | cr cnu||||||||131205c20059999ve qr p o 0 b0spa d a1315-2076 a(OCoLC)934390346 aFINmELBbspaerdacFINmELB 4aQB801bC614 2005 a5240 a523.822300aClasificación automatizada de estrellas variables :balgoritmo para la determinación de períodos y aplicación a datos simulados /cNéstor Sánchez [y otros 5]. 1aMaracaibo :bUniversidad del Zulia,c2005. a1 recurso en línea aTrimestral atextobtxt2rdacontent/spa acomputadorabc2rdamedia/spa arecurso en líneabcr2rdacarrier/spa0 aVolumen 13, Número 1 (enero-marzo) (2005) - aContiene índice. aContiene bibliografía. aRecurso electrónico. Santa Fe, Arg.: e-libro, 2015. Disponible vía World Wide Web. El acceso puede estar limitado para las bibliotecas afiliadas a e-libro. 0aStars. 0aAstronomyxResearch. 4aAtronomía. 4aInvestigación. 4aArtículos electrónicos.1 aSánchez, Néstor.0 tCienciax1315-20762 ae-libro, Corp.40uhttps://elibro.net/ereader/politecnicointernacional/16529 c49377d49377